Online katalóg knižníc regiónu Turca

Výber z diela III (Record no. 21206)

MARC details
000 -LEADER
fixed length control field 03292cam a2200805 a 4500
001 - CONTROL NUMBER
control field 21206
003 - CONTROL NUMBER IDENTIFIER
control field VRT
005 - DATE AND TIME OF LATEST TRANSACTION
control field 20260224154814.0
008 - FIXED-LENGTH DATA ELEMENTS--GENERAL INFORMATION
fixed length control field 221205s1954 xo gr 000 d slo c
015 ## - NATIONAL BIBLIOGRAPHY NUMBER
National bibliography number SNBA1954
020 ## - INTERNATIONAL STANDARD BOOK NUMBER
Qualifying information (viazané)
035 ## - SYSTEM CONTROL NUMBER
System control number KURUK014170
035 ## - SYSTEM CONTROL NUMBER
System control number urn:nbn:sk:snk-am3i75t
035 ## - SYSTEM CONTROL NUMBER
System control number B3C3FC6A-B3D3-42F3-9ACC-EF2116F815F9
035 ## - SYSTEM CONTROL NUMBER
System control number urn:nbn:sk:snk-am00dqs1
039 #9 - LEVEL OF BIBLIOGRAPHIC CONTROL AND CODING DETAIL [OBSOLETE]
Level of rules in bibliographic description 202212050959
Level of effort used to assign nonsubject heading access points VLOAD
Level of effort used to assign subject headings 202205110918
Level of effort used to assign classification VLOAD
Level of effort used to assign subject headings 202010291229
Level of effort used to assign classification csnk20
Level of effort used to assign subject headings 202006120852
Level of effort used to assign classification VLOAD
040 ## - CATALOGING SOURCE
Original cataloging agency SNK
Language of cataloging slo
Transcribing agency SNK
Modifying agency SNK
-- AUBB
Description conventions AACR2
041 0# - LANGUAGE CODE
Language code of text/sound track or separate title slo
044 ## - COUNTRY OF PUBLISHING/PRODUCING ENTITY CODE
MARC country code xo
ISO country code SK
072 #7 - SUBJECT CATEGORY CODE
Subject category code 821.162.4
Subject category code subdivision Slovenská literatúra
Source konspekt
072 #7 - SUBJECT CATEGORY CODE
Subject category code 821.162.4-2
Subject category code subdivision Slovenská dráma
Source konspekt
080 ## - UNIVERSAL DECIMAL CLASSIFICATION NUMBER
Universal Decimal Classification number 821.162.4-2
Edition identifier 2011
080 ## - UNIVERSAL DECIMAL CLASSIFICATION NUMBER
Universal Decimal Classification number (0:82-2)
Edition identifier 2011
080 ## - UNIVERSAL DECIMAL CLASSIFICATION NUMBER
Universal Decimal Classification number (082.21)
Edition identifier 2011
100 1# - MAIN ENTRY--PERSONAL NAME
Personal name Záborský, Jonáš,
Dates associated with a name 1812-1876
Relationship aut
245 10 - TITLE STATEMENT
Title Výber z diela III
Statement of responsibility, etc. Jonáš Záborský ; výber sostavil Rudolf Mrlian ; pripravila, bibliografické poznámky a poznámky k textovej úprave napísala Viera Bunčáková ; vysvetlivkami opatril Ján V. Ormis
250 ## - EDITION STATEMENT
Edition statement 1. vydanie
260 ## - PUBLICATION, DISTRIBUTION, ETC.
Place of publication, distribution, etc. Bratislava
Name of publisher, distributor, etc. Slovenské vydavateľstvo krásnej literatúry
Date of publication, distribution, etc. 1954
300 ## - PHYSICAL DESCRIPTION
Extent 421 strán
Dimensions 21 cm
366 ## - TRADE AVAILABILITY INFORMATION
Note 3000 kusov
490 1# - SERIES STATEMENT
Series statement Odkazy našej klasiky
Volume/sequential designation 6. sväzok
490 1# - SERIES STATEMENT
Series statement Jonáš Záborský: Výber z diela v štyroch zväzkoch
500 ## - GENERAL NOTE
General note Obsahuje 4 divadelné hry
504 ## - BIBLIOGRAPHY, ETC. NOTE
Bibliography, etc. note Obsahuje bibliografické poznámky a vysvetlivky ; poznámky k textovej úprave
655 #7 - INDEX TERM--GENRE/FORM
Genre/form data or focus term slovenské drámy
Source of term SNKPH
655 #7 - INDEX TERM--GENRE/FORM
Genre/form data or focus term divadelné hry
Source of term SNKPH
655 #7 - INDEX TERM--GENRE/FORM
Genre/form data or focus term výbery
Source of term SNKPH
655 #7 - INDEX TERM--GENRE/FORM
Genre/form data or focus term Slovak drama
Source of term SNKPHeng
655 #7 - INDEX TERM--GENRE/FORM
Genre/form data or focus term Theatre plays
Source of term SNKPHeng
655 #7 - INDEX TERM--GENRE/FORM
Genre/form data or focus term Selections
Source of term SNKPHeng
700 1# - ADDED ENTRY--PERSONAL NAME
Personal name Mrlian, Rudolf,
Dates associated with a name 1916-2010
Relationship com
700 1# - ADDED ENTRY--PERSONAL NAME
Personal name Bunčáková, Viera,
Dates associated with a name 1920-2003
Relationship edt
700 1# - ADDED ENTRY--PERSONAL NAME
Personal name Ormis, Ján Vladimír,
Dates associated with a name 1903-1993
Relationship aut
700 1# - ADDED ENTRY--PERSONAL NAME
Personal name Korčián, Miroslav,
Dates associated with a name 1920-
Relationship bjd
740 02 - ADDED ENTRY--UNCONTROLLED RELATED/ANALYTICAL TITLE
Uncontrolled related/analytical title Posledné dni Moravy
740 02 - ADDED ENTRY--UNCONTROLLED RELATED/ANALYTICAL TITLE
Uncontrolled related/analytical title Bitka u Rozhanoviec
740 02 - ADDED ENTRY--UNCONTROLLED RELATED/ANALYTICAL TITLE
Uncontrolled related/analytical title Jánošíkova večera
740 02 - ADDED ENTRY--UNCONTROLLED RELATED/ANALYTICAL TITLE
Uncontrolled related/analytical title Najdúch
800 1# - SERIES ADDED ENTRY--PERSONAL NAME
Personal name Záborský, Jonáš,
Dates associated with a name 1812-1876
Title of a work Výber z diela v štyroch zväzkoch
830 #0 - SERIES ADDED ENTRY--UNIFORM TITLE
Uniform title Odkazy našej klasiky
910 ## - USER-OPTION DATA (OCLC)
User-option data snk
942 ## - ADDED ENTRY ELEMENTS (KOHA)
Source of classification or shelving scheme Dewey Decimal Classification
Koha item type Krásna literatúra pre dospelých
Suppress in OPAC No
949 ## - LOCAL PROCESSING INFORMATION (OCLC)
6 17A0071197
a snkSC 4891/3 D1
b snkI. 3993/54
o 591/54 - evidenčné číslo
949 ## - LOCAL PROCESSING INFORMATION (OCLC)
6 17A0073703
a snkSC 4891/3 D3
b snkK 2872/65
949 ## - LOCAL PROCESSING INFORMATION (OCLC)
6 17A0142316
a snkSC 4891/3
b snkI. 3994/54
s 6100:20190306
949 ## - LOCAL PROCESSING INFORMATION (OCLC)
6 273K0446337
a svkpoB 2132/III
b svkpo46760
949 ## - LOCAL PROCESSING INFORMATION (OCLC)
6 273K0446334
a svkpoB 2132/IIIa
b svkpo52441
949 ## - LOCAL PROCESSING INFORMATION (OCLC)
6 273K0446329
a svkpoB 2132/IIIb
b svkpo84853
949 ## - LOCAL PROCESSING INFORMATION (OCLC)
6 273K0446332
a svkpoB 2132/IIIc
b svkpo84850
949 ## - LOCAL PROCESSING INFORMATION (OCLC)
6 3830001009598
a kurukT18/ZABO1-4
949 ## - LOCAL PROCESSING INFORMATION (OCLC)
6 2889008298
a savukB 32330/3
949 ## - LOCAL PROCESSING INFORMATION (OCLC)
6 4710702572
9 1
a strmkB
b strmk2008/2572
949 ## - LOCAL PROCESSING INFORMATION (OCLC)
6 270001000134303
a svkbbS 58939
b svkbbm 20900
p 20.900
949 ## - LOCAL PROCESSING INFORMATION (OCLC)
6 369701000001223
a aubbD 1952
b aubbD1952
p Slovenská dráma
949 ## - LOCAL PROCESSING INFORMATION (OCLC)
6 17A0478434
a snkSC 4891/3 D2
b snkD 956/72
949 ## - LOCAL PROCESSING INFORMATION (OCLC)
6 3830001094300
a kurukT18/ZABO1-4
b kuruk2014/F6218
o D2014/J.M.Rydlo/dolný index 3
949 ## - LOCAL PROCESSING INFORMATION (OCLC)
6 273K0197679
a svkpoA 163494/III
b svkpo403867
949 ## - LOCAL PROCESSING INFORMATION (OCLC)
6 2889011927
a savukM 8377
949 ## - LOCAL PROCESSING INFORMATION (OCLC)
6 270001000159521
a svkbbS 58938
b svkbbm 35666
p 35.666
Holdings
Stav vyradenia Strata Poškodenie Spôsob nadobudnutia Domovská knižnica Aktuálna knižnica Dátum nadobudnutia Total checkouts Čiarový kód exemplára Date last seen Typ exemplára
      Dar Obecná knižnica Horná Štubňa Obecná knižnica Horná Štubňa 24.02.2026   4736201485 24.02.2026 Krásna literatúra pre dospelých
Projekt je podporený Slovenskou asociáciou knižníc
Prevádzkuje Turčianska knižnica Martin 2026